书目信息 |
| 题名: |
各行业专利技术现状及其发展趋势报告2006-2007
|
|
| 作者: | 中国知识产权研究会 编 | |
| 分册: | ||
| 出版信息: | 北京 科学出版社 2007.01 |
|
| 页数: | 321页 | |
| 开本: | 24cm | |
| 丛书名: | ||
| 单 册: | ||
| 中图分类: | G306.72 | |
| 科图分类: | ||
| 主题词: | 科学研究--理论 | |
| 电子资源: | ||
| ISBN: | 7-03-018140-4 | |
| 000 | 00736 nam 000217 | |
| 001 | 0100002057 | |
| 005 | 20070903092454.54 | |
| 010 | @a7-03-018140-4@dCNY42.00 | |
| 100 | @a20070807d2007 em y0chiy0121 ea | |
| 101 | @achi | |
| 102 | @aCN@b110000 | |
| 105 | @ay z 000yy | |
| 200 | 10 | @a各行业专利技术现状及其发展趋势报告2006-2007@9ge hang ye zhuan li ji shu xian zhuang ji ji fa zhan cu shi bao gao@f中国知识产权研究会编@Fzhong guo zhi shi chan quan yan jiu hui bian |
| 210 | @a北京@c科学出版社@d2007.01 | |
| 215 | @a321页@d24cm | |
| 606 | @a科学研究@x理论 | |
| 690 | @aG306.72@v4 | |
| 701 | 0 | @a中国知识产权研究会@9zhong guo zhi shi chan quan yan jiu hui@4编 |
| 801 | @aCN@c20070903 | |
| 901 | @a000003 | |
| 905 | @dG306.72@eZ661 | |
| 各行业专利技术现状及其发展趋势报告2006-2007/中国知识产权研究会编.-北京:科学出版社,2007.01 |
| 321页;24cm |
| ISBN 7-03-018140-4:CNY42.00 |
| ● |
| 相关链接 |
|
|
|
正题名:各行业专利技术现状及其发展趋势报告2006-2
索取号:G306.72/Z661
 
预约/预借
| 序号 | 登录号 | 条形码 | 馆藏地/架位号 | 状态 | 备注 |
| 1 | 644441 | 206444418 | 社科库409/409社科库 120排1列5层/ [索取号:G306.72/Z661] | 在馆 | |
| 2 | 644442 | 206444427 | 社科库409/409社科库 120排1列5层/ [索取号:G306.72/Z661] | 在馆 |